| 000 | 00471nab a2200145Ia 4500 | ||
|---|---|---|---|
| 003 | ES-SlBCS | ||
| 005 | 20210601125452.0 | ||
| 008 | 140529s1984-85 xxu||||| |||| 00| 0 eng d | ||
| 041 | _aeng | ||
| 100 | 1 |
_aMadden, Edward H. _9132644 |
|
| 245 | 0 | 0 |
_aSir William Hamilton, Critical Philosophy, and the Commonsense Tradition _c Edward H. Madden |
| 600 | 1 | 4 |
_aHamilton, William _910917 |
| 773 | 0 |
_tReview of Methaphysics _gvol. 38, 1984-85, págs. 839-860 _wRev843 |
|
| 942 | _cAR | ||
| 999 |
_c530843 _d530843 |
||